000 00443nam a2200181Ia 4500
008 210210b1963 xxu||||| |||| 00| 0 eng d
041 _aeng
082 _a425/170
100 _aLEWIS (N)
245 _aDictionary of modern pronounciation
260 _aNew York
_bHarper & Row Publishers.
_c1963
650 _apronounciation
650 _aof
650 _amodern
650 _aDictionary
690 _aEnglish Grammar
906 _a005946
999 _c128963
_d128963